Knowledge mobilities and participatory development /

Este artículo proporciona un análisis de selectas organizaciones globales y sus redes globales de conocimiento en el área del desarrollo. Basándose en el trabajo de teóricos contemporáneos de la gobernabilidad, los autores argumentan que las redes globales de conocimiento facilitan el movimiento de...

Descrizione completa

Salvato in:
Dettagli Bibliografici
Autore principale: Ilcan, Suzan
Altri autori: Phillips, Lynne
Natura: testo
Soggetti:
Tags: Aggiungi Tag
Nessun Tag, puoi essere il primo ad aggiungerne!!

MARC

LEADER 00000 a a2200000 04500
001 4780
003
040
100 |a Ilcan, Suzan  
245 |a Knowledge mobilities and participatory development /  |c Suzan Ilcan ; Lynne Phillips 
520 |a Este artículo proporciona un análisis de selectas organizaciones globales y sus redes globales de conocimiento en el área del desarrollo. Basándose en el trabajo de teóricos contemporáneos de la gobernabilidad, los autores argumentan que las redes globales de conocimiento facilitan el movimiento de conocimiento a través del espacio y tiempo, y adjuntan principios particulares como una forma de gobernar. Estas redes operan como tecnologías móviles de gobierno, y buscan administrar los objetos de desarrollo, prescribir conductas apropiadas y cultivas agentes y ciudadanos activos por medio de actividades participativas de desarrollo  
650 |a CONOCIMIENTO  
650 |a REDES SOCIALES  
650 |a GOBERNABILIDAD  
650 |a DESARROLLO SOCIAL  
650 |a SISTEMA DE LAS NACIONES UNIDAS  
650 |a CONOCIMIENTO  
700 |a Phillips, Lynne  
773 |g volumen 56, número 5; páginas 711-734  
999 |c 33891  |d 33891